RELIK 2024 reprodukce lidského kapitálu - vzájemné vazby a souvislosti

Enregistré dans:
Détails bibliographiques
Collectivité auteur: RELIK 2024 : reprodukce lidského kapitálu - vzájemné vazby a souvislosti. Mezinárodní vědecká konference
Format: Livre
Langue:anglais
slovaque
tchèque
Publié: Praha Vysoká škola ekonomická v Praze 2024
Édition:1. vydání
Sujets:
Tags: Ajouter un tag
Pas de tags, Soyez le premier à ajouter un tag!

MARC

LEADER 00000nlm a2200000 4500
001 0306074
005 20250113081048.4
020 |a 978-80-245-2538-9 
041 0 |a eng 
041 0 |a slo 
041 0 |a cze 
044 |a CZ 
245 1 0 |a RELIK 2024  |b reprodukce lidského kapitálu - vzájemné vazby a souvislosti 
250 |a 1. vydání 
264 1 |a Praha  |b Vysoká škola ekonomická v Praze  |c 2024 
300 |a [574 s.] 
610 2 0 |a kapitál ľudský 
610 2 0 |a zdroje ľudské 
610 2 0 |a reprodukcia obyvateľstva 
610 2 0 |a starnutie populácie 
610 2 0 |a demografia 
110 2 |a RELIK 2024 : reprodukce lidského kapitálu - vzájemné vazby a souvislosti. Mezinárodní vědecká konference